Normal view
MARC view
Entry Corporate Name
001 - CONTROL NUMBER
- control field: 681
003 - CONTROL NUMBER IDENTIFIER
- control field: csc
005 - DATE AND TIME OF LATEST TRANSACTION
- control field: 20140507162052.0
008 - FIXED-LENGTH DATA ELEMENTS
- fixed length control field: 130215|| aca||aabn | a|a d
040 ## - CATALOGING SOURCE
- Original cataloging agency: csc
- Transcribing agency: csc
110 ## - HEADING--CORPORATE NAME
- Corporate name or jurisdiction name as entry element: Great Britain.
- Subordinate unit: Army
- General subdivision: Recruiting, enlistment, etc
- General subdivision: History
- Chronological subdivision: 18th century.
670 ## - SOURCE DATA FOUND
- Source citation: Work cat.: (csc)81: Mackillop, Andrew. 60, 'More fruitful than the soil' :, 2000.